LEADER 01036nam a2200265 i 4500 001 000000046049 003 CaOOAMICUS 005 20101119000000.0 008 101119s1992 it u000 u ita u 013 $a17219 020 $a88-7023-168-2 040 $aSeMil$bita 100 1 $aBocci, Maria <1964- >.$0(OLS)http://semarc/name/17791 245 10$aEster Angiolini :$bnella cittā di Ambrogio /$cMaria Bocci. 260 $aMilano :$bNED,$ccopyr. 1992. 300 $a240 p., [8] p. di tav. ;$c21 cm. 500 $aFondo Conti. 600 14$aAngiolini, Ester .$0(OLS)http://semarc/subject/9803 650 4$aBiografie.$0(OLS)http://semarc/subject/2953 850 $aSeMil 852 $aSeMil$W1$xVenegono$y1$m3J II 288$j12204$B12204$CSeMilBibl$Z2$F12204 $81 961 $aOmaggio: Conti Franco 996 $6020$a88-7023-168-2$9(OLS)http://semarc/number/18432 996 $6245$aEster Angiolini :$bnella cittā di Ambrogio$9(OLS)http://semarc/title/68691 996 $6260$aMilano :$bNED$9(OLS)http://semarc/publisher/30187 LEADER 01274nam a2200253 4500 001 000000365688 003 CaOOAMICUS 005 20260204125248.0 008 251210s2002 it a 000 u ita r 040 $aSeMil$bita 110 2 $aChiesa Cattolica.$0(OLS)http://semarc/name/987 245 10$aEvangeliario per le domeniche, solennitā e feste dell'anno liturgico secondo il rito romano e ambrosiano. 264 1$aMilano :$bĀncora,$c2002. 300 $aXIX, 362 p. :$bill. ;$c31 cm 500 $aA pič del front. : Il cardinale arcivescovo Carlo Maria Martini alle parrocchie della Chiesa Ambrosiana a ricordo del Suo Ministero episcopale 650 4$aLibri liturgici - Messale romano - Evangeliari.$0(OLS)http://semarc/subject/59422 650 4$aLibri liturgici - Messale ambrosiano - Evangeliari.$0(OLS)http://semarc/subject/59425 850 $aSeMil 852 $aSeMil$W1$xVenegono$y1$m3KK VII 25$j266983$B256498$CSeMilBibl$Z2$F256498 $81 910 2 $aSanta Sede. 996 $6245$aEvangeliario per le domeniche, solennitā e feste dell'anno liturgico secondo il rito romano e ambrosiano$9(OLS)http://semarc/title/457320 996 $6264$aMilano :$bĀncora$9(OLS)http://semarc/publisher/29763